| 000 | 00670nam a2200217 a 4500 | ||
|---|---|---|---|
| 999 |
_c1972 _d1972 |
||
| 001 | 1972 | ||
| 003 | BD-JhCC | ||
| 005 | 20171031104928.0 | ||
| 008 | 171026s1977 bg |||| ||a| 000 0 ben d | ||
| 035 | _a(BD-JhCC) 1972 | ||
| 040 |
_aBD-JhCC _dBD-JhCC |
||
| 041 | _aben | ||
| 082 |
_a954.92 _bSAM 1977 |
||
| 100 | _aশাসুদ্দীন, আবু জাফর | ||
| 245 |
_aসোচ্চার উচ্চারণ / _cআবু জাফর শাসুদ্দীন |
||
| 260 |
_aঢাকা : _bবাংলা একাডেমী ঢাকা , _c1977 |
||
| 300 |
_a244 p .: _c22 cm . |
||
| 650 | _aBangladesh | ||
| 942 |
_2ddc _cBK |
||